Tunnettuja diktaattoreita #2 - Statistics

Yleistilastot
  • Tätä visaa on pelattu 707 kertaa
  • Keskiarvotulos 9 / 22
Vastaustilastot
Diktaattori Valtio % Oikein
Josif Stalin Neuvostoliitto
99%
Kim Il-sung Pohjois-Korea
95%
Julius Caesar Rooman valtakunta
84%
Tšiang Kai-šek Kiina
71%
Slobodan Milošević Serbia | Jugoslavia
62%
Geórgios Papadópoulos Kreikka
61%
Park Chung-hee Etelä-Korea
57%
Pol Pot Kambodža
57%
Bašar al-Assad Syyria
49%
Ali Khamenei Iran
36%
Erich Honecker Itä-Saksa
34%
Oliver Cromwell Englanti
31%
Suharto Indonesia
31%
Maximilien Robespierre Ranska
29%
António de Oliveira Salazar Portugali
28%
Anwar Sadat Egypti
25%
Fulgencio Batista Kuuba
18%
Alberto Fujimori Peru
18%
Pervez Musharraf Pakistan
16%
Saparmurat Nijazov Turkmenistan
16%
Charles Taylor Liberia
12%
Than Shwe Myanmar
11%
Ehtoja vastaavia visoja ei löytynyt
Tulosjakauma
Jokaisen tuloksen saaneiden osuus
Persentiili vastausten määrän mukaan
Tuloshistoriasi
Et ole pelannut tätä visaa